[Event "VIE-ch U13 Girls"]
[Site "Ho Chi Minh City"]
[Date "2014.07.17"]
[Round "8"]
[White "Nguyen, Ngoc Son Ha"]
[Black "Kieu, Bich Thuy"]
[Result "0-1"]
[WhiteElo "1433"]
[BlackElo "1828"]
[PlyCount "74"]
[EventDate "2014.07.13"]
[EventType "swiss"]
[EventRounds "9"]
[EventCountry "VIE"]
[SourceTitle "EXT 2016"]
[Source "ChessBase"]
[SourceDate "2015.10.08"]
[SourceVersion "1"]
[SourceVersionDate "2015.10.08"]
[SourceQuality "1"]

1. e4 e5 2. Nf3 Nc6 3. Bc4 Be7 4. c3 Nf6 5. d3 d6 6. h3 0-0 7. 0-0 Na5 8. Bb5 c6 9. Ba4 b5 10. Bc2 Qc7 11. Re1 Be6 12. Nbd2 Rad8 13. Ng5 d5 14. Nxe6 fxe6 15. b4 Nb7 16. Bb3 c5 17. bxc5 Nxc5 18. Qe2 dxe4 19. dxe4 a6 20. Bb2 Kh8 21. Bc2 Bd6 22. Nf3 Qf7 23. c4 Ncd7 24. cxb5 axb5 25. Bb3 h6 26. Qxb5 Nh5 27. Rad1 Bc5 28. Rxd7 Bxf2+ 29. Kxf2 Rxd7 30. Kg1 Rd2 31. Bd1 Qa7+ 32. Kh2 Qf2 33. Nxd2 Qg3+ 34. Kg1 Qxe1+ 35. Nf1 Qxd1 36. Bxe5 Qe1 37. Bd4 Kh7 0-1

[Event "VIE-ch U13 Girls"]
[Site "Ho Chi Minh City"]
[Date "2014.07.17"]
[Round "7"]
[White "Tran Nguyen Huyen, Tran"]
[Black "Nguyen, Ngoc Son Ha"]
[Result "1/2-1/2"]
[WhiteElo "1825"]
[BlackElo "1433"]
[PlyCount "79"]
[EventDate "2014.07.13"]
[EventType "swiss"]
[EventRounds "9"]
[EventCountry "VIE"]
[SourceTitle "EXT 2016"]
[Source "ChessBase"]
[SourceDate "2015.10.08"]
[SourceVersion "1"]
[SourceVersionDate "2015.10.08"]
[SourceQuality "1"]

1. d4 d5 2. c4 c6 3. Nc3 Nf6 4. Nf3 b6 5. e3 Bb7 6. Bd3 Nbd7 7. 0-0 g6 8. b3 Bg7 9. Bb2 0-0 10. Rc1 Rc8 11. Re1 Re8 12. e4 dxe4 13. Nxe4 Nxe4 14. Bxe4 Nf6 15. Bb1 Nd7 16. Bc3 Qc7 17. Qd2 Rcd8 18. Rcd1 e6 19. Qc1 c5 20. d5 exd5 21. Bxg7 Kxg7 22. Rxe8 Rxe8 23. cxd5 Qd6 24. Qc3+ Kg8 25. h3 Nf6 26. Re1 Rxe1+ 27. Qxe1 Bxd5 28. Qe3 Bxf3 29. Qxf3 Qe7 30. Bd3 Qe1+ 31. Kh2 Qd2 32. Qxf6 Qxd3 33. Qe7 Qa6 34. Qe8+ Kg7 35. Qe5+ Kh6 36. Qf4+ Kg7 37. Qe5+ Kg8 38. Qe8+ Kg7 39. Qe5+ Kh6 40. Qf4+ 1/2-1/2

[Event "VIE-ch U13 Girls"]
[Site "Ho Chi Minh City"]
[Date "2014.07.16"]
[Round "6"]
[White "Nguyen, Ngoc Son Ha"]
[Black "Nguyen, Hoang Vo Song"]
[Result "1/2-1/2"]
[WhiteElo "1433"]
[BlackElo "1831"]
[PlyCount "72"]
[EventDate "2014.07.13"]
[EventType "swiss"]
[EventRounds "9"]
[EventCountry "VIE"]
[SourceTitle "EXT 2016"]
[Source "ChessBase"]
[SourceDate "2015.10.08"]
[SourceVersion "1"]
[SourceVersionDate "2015.10.08"]
[SourceQuality "1"]

1. e4 c5 2. Nf3 e6 3. d4 cxd4 4. Nxd4 a6 5. Be3 Nf6 6. Bd3 Qc7 7. 0-0 Nc6 8. c3 d5 9. Nd2 Be7 10. Rc1 0-0 11. c4 dxe4 12. Nxe4 Rd8 13. Nxf6+ Bxf6 14. Nxc6 Qxc6 15. Qc2 h6 16. Rfd1 Bd7 17. Be4 Qc8 18. Bb6 Re8 19. c5 Bc6 20. Bxc6 Qxc6 21. Rd6 Qb5 22. b3 Rac8 23. Qe4 Be7 24. Rdd1 Bxc5 25. Bxc5 Rxc5 26. Rxc5 Qxc5 27. Qxb7 Qc2 28. Qd7 Rf8 29. Qd2 Rc8 30. g3 g5 31. Qxc2 Rxc2 32. a4 Rb2 33. Rd3 Kg7 34. Kg2 h5 35. Kf3 Kf6 36. h3 Ke5 1/2-1/2

[Event "VIE-ch U13 Girls"]
[Site "Ho Chi Minh City"]
[Date "2014.07.15"]
[Round "4"]
[White "Nguyen, Ngoc Son Ha"]
[Black "Dang, Thi Ngoc Ha"]
[Result "1-0"]
[WhiteElo "1433"]
[BlackElo "1842"]
[PlyCount "109"]
[EventDate "2014.07.13"]
[EventType "swiss"]
[EventRounds "9"]
[EventCountry "VIE"]
[SourceTitle "EXT 2016"]
[Source "ChessBase"]
[SourceDate "2015.10.08"]
[SourceVersion "1"]
[SourceVersionDate "2015.10.08"]
[SourceQuality "1"]

1. e4 c5 2. Nf3 Nc6 3. d4 cxd4 4. Nxd4 g6 5. c3 Bg7 6. Be3 Nf6 7. Nd2 d6 8. Bd3 0-0 9. 0-0 Bd7 10. h3 Ne5 11. Bc2 Rc8 12. f4 Nc4 13. Nxc4 Rxc4 14. Bb3 Rc8 15. e5 Ne4 16. e6 Bxd4 17. exf7+ Rxf7 18. Qxd4 Ng3 19. Bxf7+ Kxf7 20. Rfe1 b6 21. Qd5+ Be6 22. Qxe6+ Kxe6 23. Bxb6+ Kf7 24. Bxd8 Rxd8 25. Kf2 Nh5 26. g3 Rb8 27. Re2 Nf6 28. Rae1 Kf8 29. b3 Rb7 30. Kf3 Nd5 31. c4 Nb4 32. Rd1 Kf7 33. a3 Nc6 34. b4 a6 35. Kg2 Kf6 36. Rd5 Rb6 37. g4 Kf7 38. h4 Rb7 39. Red2 Kf6 40. Rxd6+ exd6 41. Rxd6+ Ke7 42. Rxc6 Ra7 43. Kf3 Kd7 44. Rc5 Ke6 45. Ke4 Kf6 46. Rc6+ Ke7 47. Ke5 Kd8 48. Rd6+ Ke8 49. c5 Ke7 50. Re6+ Kd7 51. c6+ Kd8 52. Kd6 Rf7 53. c7+ Rxc7 54. Re8+ Kxe8 55. Kxc7 1-0